Politische Studien. (Record no. 1660)

MARC details
000 -LEADER
campo de control de longitud fija 00533nas a2200217 i 4500
001 - NÚMERO DE CONTROL
campo de control 1660
003 - IDENTIFICADOR DE NÚMERO DE CONTROL
campo de control ES-MaACL
005 - FECHA Y HORA DE LA ÚLTIMA TRANSACCIÓN
campo de control 20250729062612.0
007 - CAMPO FIJO DE DESCRIPCIÓN FÍSICA--INFORMACIÓN GENERAL
campo de control de longitud fija t|
008 - DATOS DE LONGITUD FIJA--INFORMACIÓN GENERAL
campo de control de longitud fija 950801c1950 gw | | 1 ||er d
080 ## - NÚMERO DE LA CLASIFICACIÓN DECIMAL UNIVERSAL
Número de la Clasificación Decimal Universal 430
245 00 - MENCIÓN DEL TÍTULO
Título Politische Studien.
260 ## - PUBLICACIÓN, DISTRIBUCIÓN, ETC.
Lugar de publicación, distribución, etc. München :
Nombre del editor, distribuidor, etc. Günter Olzog,
Fecha de publicación, distribución, etc. 1950-
300 ## - DESCRIPCIÓN FÍSICA
Extensión 9 v. ;
Dimensiones 23 cm.
310 ## - PERIODICIDAD ACTUAL
Periodicidad actual Bimestral
362 0# - FECHAS DE PUBLICACIÓN Y/O DESIGNACIÓN SECUENCIAL
Fecha de publicación y/o designación secuencial Año I (1950)-
650 #7 - PUNTO DE ACCESO ADICIONAL DE MATERIA--TÉRMINO DE MATERIA
Término de materia o nombre geográfico como elemento de entrada Política
Fuente del encabezamiento o término embne
9 (RLIN) 140345
852 ## - LOCALIZACIÓN
Ubicación ES-MaACL
Número de control de estantería HEM-H-303
Encuadernación hem-1490
Signatura antigua
866 #0 - MENCIÓN TEXTUAL DE FONDOS--UNIDAD BIBLIOGRÁFICA BÁSICA
Fondos 1975-83.
Holdings
Estatus retirado Estado de pérdida Estado de daño No para préstamo Colección Biblioteca de origen Biblioteca actual Ubicación en estantería Fecha de adquisición Fuente de adquisición Total de préstamos Signatura topográfica completa Código de barras Visto por última vez Precio de reemplazo Tipo de ítem Koha
        Periódicos y Revistas Biblioteca del Ateneo de Madrid Biblioteca del Ateneo de Madrid Hemeroteca 17/01/2008     HEM-H-303 1001696 23/02/2023 23/02/2023 Revista